Correlation papers ; Cretaceous / (Record no. 24262)

MARC details
000 -LEADER
fixed length control field 00915cam a22002651i 4500
001 - CONTROL NUMBER
control field gs 05000661
003 - CONTROL NUMBER IDENTIFIER
control field DLC
005 - DATE AND TIME OF LATEST TRANSACTION
control field 20260227111301.0
008 - FIXED-LENGTH DATA ELEMENTS--GENERAL INFORMATION
fixed length control field 790521s1891 dcuabf f000 0 eng
010 ## - LIBRARY OF CONGRESS CONTROL NUMBER
LC control number gs 05000661
035 ## - SYSTEM CONTROL NUMBER
System control number (OCoLC)4986492
040 ## - CATALOGING SOURCE
Original cataloging agency DLC
Transcribing agency ICharE
Modifying agency DLC
043 ## - GEOGRAPHIC AREA CODE
Geographic area code n-us---
050 00 - LIBRARY OF CONGRESS CALL NUMBER
Classification number QE75
Item number .B9 no. 82
051 ## - LIBRARY OF CONGRESS COPY, ISSUE, OFFPRINT STATEMENT
Classification number QE685
Item number .W6
100 1# - MAIN ENTRY--PERSONAL NAME
Personal name White, Charles A.
Fuller form of name (Charles Abiathar),
Dates associated with a name 1826-1910.
245 10 - TITLE STATEMENT
Title Correlation papers ; Cretaceous /
Statement of responsibility, etc. by Charles A. White.
260 ## - PUBLICATION, DISTRIBUTION, ETC.
Place of publication, distribution, etc. Washington,
Name of publisher, distributor, etc. Govt. Print. Off.,
Date of publication, distribution, etc. 1891.
300 ## - PHYSICAL DESCRIPTION
Extent 273 p. :
Other physical details iii fold. pl. (incl. maps) diagrs. ;
Dimensions 24 cm.
490 1# - SERIES STATEMENT
Series statement U.S. Geological survey. Bulletin
Volume/sequential designation no. 82
500 ## - GENERAL NOTE
General note "The literature of the North American Cretaceous" : p. 25-60.
650 #0 - SUBJECT ADDED ENTRY--TOPICAL TERM
Topical term or geographic name entry element Geology, Stratigraphic
Chronological subdivision Cretaceous.
650 #0 - SUBJECT ADDED ENTRY--TOPICAL TERM
Topical term or geographic name entry element Geology
Geographic subdivision United States.
810 1# - SERIES ADDED ENTRY--CORPORATE NAME
Corporate name or jurisdiction name as entry element United States.
Subordinate unit Geological Survey.
Title of a work Bulletin ;
Volume/sequential designation 82.

No items available.

Powered by Koha